<?xml version="1.0" encoding="UTF-8"?>
<record
    xmlns:xsi="http://www.w3.org/2001/XMLSchema-instance"
    xsi:schemaLocation="http://www.loc.gov/MARC21/slim http://www.loc.gov/standards/marcxml/schema/MARC21slim.xsd"
    xmlns="http://www.loc.gov/MARC21/slim">

  <leader>01897nam a22003017a 4500</leader>
  <controlfield tag="001">1550</controlfield>
  <controlfield tag="003">FISKH</controlfield>
  <controlfield tag="005">20251024104822.0</controlfield>
  <controlfield tag="008">230906b        cb ||||| |||| 00| 0 khr d</controlfield>
  <datafield tag="020" ind1=" " ind2=" ">
    <subfield code="a">9789995054229</subfield>
  </datafield>
  <datafield tag="040" ind1=" " ind2=" ">
    <subfield code="a">FISKH </subfield>
    <subfield code="b">eng</subfield>
    <subfield code="c">FISKH </subfield>
    <subfield code="d">FISKH </subfield>
  </datafield>
  <datafield tag="082" ind1=" " ind2=" ">
    <subfield code="a">598.6</subfield>
  </datafield>
  <datafield tag="100" ind1=" " ind2=" ">
    <subfield code="a">Anonymous </subfield>
  </datafield>
  <datafield tag="245" ind1=" " ind2=" ">
    <subfield code="a">&#x1785;&#x17C5;&#x178A;&#x17BC;&#x179A;&#x179B;&#x179B;&#x1780;&#x1780;&#x17D2;&#x179A;&#x17A0;&#x1798; / </subfield>
    <subfield code="b">&#x179A;&#x17BF;&#x1784;&#x1796;&#x17D2;&#x179A;&#x17C1;&#x1784;&#x17A2;&#x17B6;&#x1796;&#x17D2;&#x179A;&#x17B7;&#x1785; : </subfield>
    <subfield code="c">&#x1782;&#x17BC;&#x179A;&#x179A;&#x17BC;&#x1794;&#x178A;&#x17C4;&#x1799; Isabelle Calin</subfield>
  </datafield>
  <datafield tag="250" ind1=" " ind2=" ">
    <subfield code="a">&#x1794;&#x17C4;&#x17C7;&#x1796;&#x17BB;&#x1798;&#x17D2;&#x1796;&#x179B;&#x17BE;&#x1780;&#x1791;&#x17B8; &#x17E1;&#x17E1; &#x1781;&#x17C2;&#x1798;&#x17B7;&#x1793;&#x17B6; &#x1786;&#x17D2;&#x1793;&#x17B6;&#x17C6; &#x17E2;&#x17E0;&#x17E2;&#x17E2; </subfield>
  </datafield>
  <datafield tag="260" ind1=" " ind2=" ">
    <subfield code="a">Phnom Penh : </subfield>
    <subfield code="b">Sipar, </subfield>
    <subfield code="c">2022.</subfield>
  </datafield>
  <datafield tag="300" ind1=" " ind2=" ">
    <subfield code="a">37 pages : </subfield>
    <subfield code="b">color illustrations ; </subfield>
    <subfield code="c">25 cm</subfield>
  </datafield>
  <datafield tag="490" ind1=" " ind2=" ">
    <subfield code="a">&#x1781;&#x17D2;&#x1789;&#x17BB;&#x17C6;&#x1785;&#x1784;&#x17CB;&#x17A2;&#x17B6;&#x1793;</subfield>
  </datafield>
  <datafield tag="505" ind1=" " ind2=" ">
    <subfield code="a">P

</subfield>
  </datafield>
  <datafield tag="520" ind1=" " ind2=" ">
    <subfield code="a">&#x179F;&#x17D2;&#x179A;&#x17D2;&#x178F;&#x17B8;&#x1798;&#x17D2;&#x1793;&#x17B6;&#x1780;&#x17CB;&#x1794;&#x17B6;&#x1793;&#x17B3;&#x17D2;&#x1799;&#x179B;&#x179B;&#x1780;&#x1780;&#x17D2;&#x179A;&#x17A0;&#x1798;&#x1791;&#x17C5;&#x1780;&#x17BC;&#x1793;&#x1794;&#x17D2;&#x179A;&#x17BB;&#x179F;&#x1791;&#x17B6;&#x17C6;&#x1784;&#x1796;&#x17B8;&#x179A;&#x179A;&#x1794;&#x179F;&#x17CB;&#x1782;&#x17B6;&#x178F;&#x17CB;&#x1798;&#x17D2;&#x1793;&#x17B6;&#x1780;&#x17CB;&#x1798;&#x17BD;&#x1799;&#x17D4; &#x1780;&#x17BC;&#x1793;&#x1794;&#x17D2;&#x17A2;&#x17BC;&#x1793;&#x179F;&#x1798;&#x17D2;&#x179A;&#x17C1;&#x1785;&#x1785;&#x17B7;&#x178F;&#x17D2;&#x178F;&#x1799;&#x1780;&#x1785;&#x17C6;&#x178E;&#x17C2;&#x1780;&#x179A;&#x1794;&#x179F;&#x17CB;&#x1781;&#x17D2;&#x179B;&#x17BD;&#x1793; &#x1791;&#x17C5;&#x178A;&#x17BC;&#x179A;&#x1793;&#x17B9;&#x1784;&#x1780;&#x17BC;&#x1793;&#x179F;&#x17D2;&#x179A;&#x17B8;&#x1798;&#x17C1;&#x1780;&#x1793;&#x17D2;&#x179A;&#x17D2;&#x178F;&#x17B6;&#x1789;&#x17D4; &#x178A;&#x17C4;&#x1799;&#x1798;&#x17B7;&#x1793;&#x1781;&#x17D2;&#x179C;&#x179B;&#x17CB;&#x1793;&#x17B9;&#x1784;&#x1780;&#x17B6;&#x179A;&#x179F;&#x17BE;&#x1785;&#x1785;&#x17C6;&#x17A2;&#x1780; &#x179A;&#x1794;&#x179F;&#x17CB;&#x1794;&#x1784;&#x1794;&#x17D2;&#x179A;&#x17BB;&#x179F;&#x1793;&#x17B6;&#x1799;&#x1780;&#x17CF;&#x1794;&#x17B6;&#x1793;&#x1785;&#x17C1;&#x1789;&#x178A;&#x17C6;&#x178E;&#x17BE;&#x179A;&#x1795;&#x17D2;&#x179F;&#x1784;&#x1796;&#x17D2;&#x179A;&#x17C1;&#x1784;&#x178A;&#x17BE;&#x1798;&#x17D2;&#x1794;&#x17B8;&#x1791;&#x17C5;&#x179A;&#x1780;&#x1780;&#x17BC;&#x1793;&#x179F;&#x17D2;&#x179A;&#x17B8;&#x1798;&#x17C1;&#x1780;&#x1793;&#x17D2;&#x179A;&#x17D2;&#x1791;&#x17B6;&#x1789;&#x17D4; </subfield>
  </datafield>
  <datafield tag="520" ind1=" " ind2=" ">
    <subfield code="a">A woman gave a red dove to each of her two sons. The younger son decides to trade his share for the chief's daughter. Ignoring the ridicule of his brother, Neay went on an adventure to find the daughter of the chief.</subfield>
  </datafield>
  <datafield tag="521" ind1="8" ind2=" ">
    <subfield code="a">650 
</subfield>
    <subfield code="b">Lexile estimate
</subfield>
  </datafield>
  <datafield tag="521" ind1="8" ind2=" ">
    <subfield code="a">P 
</subfield>
    <subfield code="b">Raz-Plus  
</subfield>
  </datafield>
  <datafield tag="650" ind1=" " ind2=" ">
    <subfield code="a">&#x179B;&#x179B;&#x1780; </subfield>
    <subfield code="v">&#x1795;&#x17D2;&#x179F;&#x1784;&#x1796;&#x17D2;&#x179A;&#x17C1;&#x1784; </subfield>
    <subfield code="x">&#x1785;&#x17C2;&#x1780;&#x179A;&#x17C6;&#x179B;&#x17C2;&#x1780; </subfield>
  </datafield>
  <datafield tag="650" ind1=" " ind2=" ">
    <subfield code="a">Dove </subfield>
    <subfield code="v">Adventure </subfield>
    <subfield code="x">Share </subfield>
  </datafield>
  <datafield tag="700" ind1=" " ind2=" ">
    <subfield code="a">Calin, Isabelle </subfield>
    <subfield code="e">illustrator </subfield>
  </datafield>
  <datafield tag="942" ind1=" " ind2=" ">
    <subfield code="2">ddc</subfield>
    <subfield code="c">BK</subfield>
    <subfield code="n">0</subfield>
  </datafield>
  <datafield tag="999" ind1=" " ind2=" ">
    <subfield code="c">1550</subfield>
    <subfield code="d">1550</subfield>
  </datafield>
  <datafield tag="952" ind1=" " ind2=" ">
    <subfield code="0">0</subfield>
    <subfield code="1">0</subfield>
    <subfield code="2">ddc</subfield>
    <subfield code="4">0</subfield>
    <subfield code="7">0</subfield>
    <subfield code="8">KH</subfield>
    <subfield code="a">001</subfield>
    <subfield code="b">001</subfield>
    <subfield code="c">KHRS</subfield>
    <subfield code="d">2023-09-06</subfield>
    <subfield code="l">0</subfield>
    <subfield code="o">ANO 598.6</subfield>
    <subfield code="p">2023-0502</subfield>
    <subfield code="r">2023-09-06 14:23:14</subfield>
    <subfield code="t">1</subfield>
    <subfield code="w">2023-09-06</subfield>
    <subfield code="y">KHB</subfield>
  </datafield>
  <datafield tag="952" ind1=" " ind2=" ">
    <subfield code="0">0</subfield>
    <subfield code="1">0</subfield>
    <subfield code="2">ddc</subfield>
    <subfield code="4">0</subfield>
    <subfield code="7">0</subfield>
    <subfield code="8">KH</subfield>
    <subfield code="a">001</subfield>
    <subfield code="b">001</subfield>
    <subfield code="c">KHRS</subfield>
    <subfield code="d">2023-09-06</subfield>
    <subfield code="l">0</subfield>
    <subfield code="o">ANO 598.6</subfield>
    <subfield code="p">2023-0503</subfield>
    <subfield code="r">2023-09-06 14:23:22</subfield>
    <subfield code="t">2</subfield>
    <subfield code="w">2023-09-06</subfield>
    <subfield code="y">KHB</subfield>
  </datafield>
  <datafield tag="952" ind1=" " ind2=" ">
    <subfield code="0">0</subfield>
    <subfield code="1">0</subfield>
    <subfield code="2">ddc</subfield>
    <subfield code="4">0</subfield>
    <subfield code="7">0</subfield>
    <subfield code="8">KH</subfield>
    <subfield code="a">001</subfield>
    <subfield code="b">001</subfield>
    <subfield code="c">OKHR</subfield>
    <subfield code="d">2024-06-27</subfield>
    <subfield code="l">0</subfield>
    <subfield code="o">ANO 598.6</subfield>
    <subfield code="p">FISTKG3A006</subfield>
    <subfield code="r">2024-06-27 09:43:30</subfield>
    <subfield code="t">3</subfield>
    <subfield code="w">2024-06-27</subfield>
    <subfield code="y">KHB</subfield>
  </datafield>
  <datafield tag="952" ind1=" " ind2=" ">
    <subfield code="0">0</subfield>
    <subfield code="1">0</subfield>
    <subfield code="2">ddc</subfield>
    <subfield code="4">0</subfield>
    <subfield code="7">0</subfield>
    <subfield code="8">KH</subfield>
    <subfield code="a">001</subfield>
    <subfield code="b">001</subfield>
    <subfield code="c">OKHR</subfield>
    <subfield code="d">2024-07-08</subfield>
    <subfield code="l">0</subfield>
    <subfield code="o">ANO 598.6</subfield>
    <subfield code="p">FISTKG3B004</subfield>
    <subfield code="r">2024-07-08 10:41:50</subfield>
    <subfield code="t">4</subfield>
    <subfield code="w">2024-07-08</subfield>
    <subfield code="y">KHB</subfield>
  </datafield>
  <datafield tag="952" ind1=" " ind2=" ">
    <subfield code="0">0</subfield>
    <subfield code="1">0</subfield>
    <subfield code="2">ddc</subfield>
    <subfield code="4">0</subfield>
    <subfield code="7">0</subfield>
    <subfield code="8">KH</subfield>
    <subfield code="a">001</subfield>
    <subfield code="b">001</subfield>
    <subfield code="c">OKHR</subfield>
    <subfield code="d">2024-07-08</subfield>
    <subfield code="l">0</subfield>
    <subfield code="o">ANO 598.6</subfield>
    <subfield code="p">FISTK03296</subfield>
    <subfield code="r">2024-07-08 10:43:48</subfield>
    <subfield code="t">5</subfield>
    <subfield code="w">2024-07-08</subfield>
    <subfield code="y">KHB</subfield>
  </datafield>
  <datafield tag="952" ind1=" " ind2=" ">
    <subfield code="0">0</subfield>
    <subfield code="1">0</subfield>
    <subfield code="2">ddc</subfield>
    <subfield code="4">0</subfield>
    <subfield code="7">0</subfield>
    <subfield code="8">KH</subfield>
    <subfield code="a">001</subfield>
    <subfield code="b">001</subfield>
    <subfield code="c">OKHR</subfield>
    <subfield code="d">2024-07-08</subfield>
    <subfield code="l">0</subfield>
    <subfield code="o">ANO 598.6</subfield>
    <subfield code="p">FISTKG2A036</subfield>
    <subfield code="r">2024-07-08 10:44:10</subfield>
    <subfield code="t">6</subfield>
    <subfield code="w">2024-07-08</subfield>
    <subfield code="y">KHB</subfield>
  </datafield>
  <datafield tag="952" ind1=" " ind2=" ">
    <subfield code="0">0</subfield>
    <subfield code="1">0</subfield>
    <subfield code="2">ddc</subfield>
    <subfield code="4">0</subfield>
    <subfield code="7">0</subfield>
    <subfield code="8">KH</subfield>
    <subfield code="a">002</subfield>
    <subfield code="b">002</subfield>
    <subfield code="c">TTP Khmer</subfield>
    <subfield code="d">2025-09-16</subfield>
    <subfield code="l">0</subfield>
    <subfield code="o">ANO 598.6</subfield>
    <subfield code="p">FISBK03697</subfield>
    <subfield code="r">2025-09-16 10:31:19</subfield>
    <subfield code="t">7</subfield>
    <subfield code="w">2025-09-16</subfield>
    <subfield code="y">KHB</subfield>
  </datafield>
  <datafield tag="952" ind1=" " ind2=" ">
    <subfield code="0">0</subfield>
    <subfield code="1">0</subfield>
    <subfield code="2">ddc</subfield>
    <subfield code="4">0</subfield>
    <subfield code="7">0</subfield>
    <subfield code="8">KH</subfield>
    <subfield code="a">002</subfield>
    <subfield code="b">002</subfield>
    <subfield code="c">TTP Khmer</subfield>
    <subfield code="d">2025-09-16</subfield>
    <subfield code="l">0</subfield>
    <subfield code="o">ANO 598.6</subfield>
    <subfield code="p">FISBK072191</subfield>
    <subfield code="r">2025-09-16 11:02:18</subfield>
    <subfield code="t">8</subfield>
    <subfield code="w">2025-09-16</subfield>
    <subfield code="y">KHB</subfield>
  </datafield>
  <datafield tag="952" ind1=" " ind2=" ">
    <subfield code="0">0</subfield>
    <subfield code="1">0</subfield>
    <subfield code="2">ddc</subfield>
    <subfield code="4">0</subfield>
    <subfield code="7">0</subfield>
    <subfield code="8">KH</subfield>
    <subfield code="a">002</subfield>
    <subfield code="b">002</subfield>
    <subfield code="c">TTP Khmer</subfield>
    <subfield code="d">2025-09-16</subfield>
    <subfield code="l">1</subfield>
    <subfield code="o">ANO 598.6</subfield>
    <subfield code="p">FIS04446</subfield>
    <subfield code="r">2026-02-27 15:34:23</subfield>
    <subfield code="s">2026-02-02</subfield>
    <subfield code="t">9</subfield>
    <subfield code="w">2025-09-16</subfield>
    <subfield code="y">KHB</subfield>
  </datafield>
  <datafield tag="952" ind1=" " ind2=" ">
    <subfield code="0">0</subfield>
    <subfield code="1">0</subfield>
    <subfield code="2">ddc</subfield>
    <subfield code="4">0</subfield>
    <subfield code="7">0</subfield>
    <subfield code="8">KH</subfield>
    <subfield code="a">002</subfield>
    <subfield code="b">002</subfield>
    <subfield code="c">TTP Khmer</subfield>
    <subfield code="d">2025-10-23</subfield>
    <subfield code="l">0</subfield>
    <subfield code="o">ANO 598.6</subfield>
    <subfield code="p">FIS04462</subfield>
    <subfield code="r">2025-10-23 13:13:40</subfield>
    <subfield code="t">10</subfield>
    <subfield code="w">2025-10-23</subfield>
    <subfield code="y">KHB</subfield>
  </datafield>
  <datafield tag="952" ind1=" " ind2=" ">
    <subfield code="0">0</subfield>
    <subfield code="1">0</subfield>
    <subfield code="2">ddc</subfield>
    <subfield code="4">0</subfield>
    <subfield code="7">0</subfield>
    <subfield code="8">KH</subfield>
    <subfield code="a">002</subfield>
    <subfield code="b">002</subfield>
    <subfield code="c">TTP Khmer</subfield>
    <subfield code="d">2025-11-11</subfield>
    <subfield code="l">0</subfield>
    <subfield code="o">ANO 598.6</subfield>
    <subfield code="p">FIS04426</subfield>
    <subfield code="r">2025-11-11 13:45:16</subfield>
    <subfield code="t">11</subfield>
    <subfield code="w">2025-11-11</subfield>
    <subfield code="y">KHB</subfield>
  </datafield>
  <datafield tag="952" ind1=" " ind2=" ">
    <subfield code="0">0</subfield>
    <subfield code="1">0</subfield>
    <subfield code="2">ddc</subfield>
    <subfield code="4">0</subfield>
    <subfield code="7">0</subfield>
    <subfield code="8">KH</subfield>
    <subfield code="a">002</subfield>
    <subfield code="b">002</subfield>
    <subfield code="c">TTP Khmer</subfield>
    <subfield code="d">2025-12-08</subfield>
    <subfield code="l">0</subfield>
    <subfield code="o">ANO 598.6</subfield>
    <subfield code="p">2025-5075</subfield>
    <subfield code="r">2025-12-08 15:08:27</subfield>
    <subfield code="t">12</subfield>
    <subfield code="w">2025-12-08</subfield>
    <subfield code="y">KHB</subfield>
  </datafield>
  <datafield tag="952" ind1=" " ind2=" ">
    <subfield code="0">0</subfield>
    <subfield code="1">0</subfield>
    <subfield code="2">ddc</subfield>
    <subfield code="4">0</subfield>
    <subfield code="7">0</subfield>
    <subfield code="8">KH</subfield>
    <subfield code="a">002</subfield>
    <subfield code="b">002</subfield>
    <subfield code="c">TTP Khmer</subfield>
    <subfield code="d">2025-12-08</subfield>
    <subfield code="l">0</subfield>
    <subfield code="o">ANO 598.6</subfield>
    <subfield code="p">2025-5076</subfield>
    <subfield code="r">2025-12-08 15:10:17</subfield>
    <subfield code="t">13</subfield>
    <subfield code="w">2025-12-08</subfield>
    <subfield code="y">KHB</subfield>
  </datafield>
</record>
